|
|
|
|
| LEADER |
00000naa2a2200000 4500 |
| 001 |
396188 |
| 005 |
20231101064731.0 |
| 035 |
|
|
|a (RuTPU)RU\TPU\prd\33999
|
| 035 |
|
|
|a RU\TPU\prd\33991
|
| 090 |
|
|
|a 396188
|
| 100 |
|
|
|a 20050322a2001 k y0rusy50 ca
|
| 101 |
0 |
|
|a rus
|
| 102 |
|
|
|a RU
|
| 200 |
1 |
|
|a Международный книгообмен в комплектовании иностранной литературой
|f Г. А. Евстигнеева
|
| 461 |
|
0 |
|0 (RuTPU)RU\TPU\prd\1594
|x 0130-9765
|t Научные и технические библиотеки
|o ежемесячный сборник по вопросам теории и практики библиотечного дела
|f Государственная публичная научно-техническая библиотека России
|d 1994-
|
| 463 |
|
0 |
|0 (RuTPU)RU\TPU\prd\33320
|t № 5
|v С. 51-56
|d 2001
|
| 610 |
1 |
|
|a комплектование фондов
|
| 610 |
1 |
|
|a международный книгообмен
|
| 610 |
1 |
|
|a тенденции развития
|
| 610 |
1 |
|
|a иностранная литература
|
| 700 |
|
1 |
|a Евстигнеева
|b Г. А.
|g Галина Александровна
|
| 801 |
|
1 |
|a RU
|b 63413507
|c 20050311
|g PSBO
|
| 801 |
|
2 |
|a RU
|b 63413507
|c 20060606
|g PSBO
|
| 942 |
|
|
|c BK
|